000 00628nam a2200241Ia 4500
003 OSt
005 20221007082535.0
006 a|||||r|||| 00| 0
007 ta
008 221006b |||||||| |||| 00| 0 eng d
024 _a18,242
037 _cReports / Technical Reports
040 _aFLL
_cFLL
_beng
041 _2eng
_aeng
082 _aV2:12:N84, M4.2
110 _aGovt. of india
245 0 _aCommission on centre-state relations
260 _c1984
300 _a984p
_ccm.
700 _aGovt. of india
942 _hV2:12:N84, M4.2
_cREP
_2CC
999 _c1166780
_d1166780